000 01281nam a22002537a 4500
999 _c60087
_d60087
003 Ge_BSU
005 20230607105606.0
008 230607s2000 ge ||||| |||| 00| 0 geo d
020 _a999280047X
041 _ageo
080 _a39 მ-54
100 _aმელიქიშვილი, ლია
_9159
245 _aეთნოგრაფია თუ ეთნოლოგია /
_c[რედ.: დავით მუსხელიშვილი]; საქ. მეცნ. აკად., ისტორიისა და ეთნოგრაფიის ინ-ტი.
264 _aთბილისი :
_bმემატიანე,
_c2000.
300 _a68 გვ. ;
_b20 სმ.
500 _aპარალ. თავფ. ინგლ. ენ.
504 _aბიბლიოგრ.: გვ. 66.
520 _aრეზ. ინგლ. ენ.
653 _aეთნოგრაფია
653 _aეთნოლოგია
700 _aმუსხელიშვილი, დავით
_eრედაქტორი
_918524
710 _aსაქ. მეცნ. აკად.,
_bივ. ჯავახიშვილის ისტორიისა და ეთნოგრაფიის ინ-ტი
_918525
942 _2udc
_cBK